| 000 | 00974nam a22003377a 4500 | ||
|---|---|---|---|
| 001 | 0038674 | ||
| 003 | KOHA_MİRAKIL | ||
| 005 | 20260207003107.0 | ||
| 007 | ta | ||
| 008 | 121003b2007 tu |||gr||||#||||0|tur | | ||
| 020 | _a9758792393 | ||
| 040 |
_aTR-BiSEU _btur _cTR-BiSEU _erda |
||
| 041 | 0 | _atur | |
| 044 | _ctu | ||
| 050 |
_aLA942 _b.A39 2007 |
||
| 100 | 1 | _aAkyüz, Yahya. | |
| 245 | 1 |
_aTürk eğitim tarihi M.Ö. 1000 - M.S. 2007/ _cYahya Akyüz ; Yahya Akyüz. |
|
| 250 | _a15. bsk. | ||
| 264 | 1 |
_aAnkara : _bPegem Akademi Yayıncılık _c2007 |
|
| 300 | _aXX; 526 sayfa; 25 cm. | ||
| 336 |
_ametin _btxt _2rdacontent |
||
| 337 |
_aaracısız _bn _2rdamedia |
||
| 338 |
_acilt _bnc _2rdacarrier |
||
| 490 | 0 | _a Dizin: 509 - 527 s. | |
| 500 | _aDizin var. | ||
| 500 | _aKaynakça var. | ||
| 650 | 0 |
_aEğitim--Türkiye--Tarih. _913362 |
|
| 650 | 0 |
_aEducation--Turkey--History. _913361 |
|
| 830 | 0 |
_a Dizin: 509 - 527 s. _972192 |
|
| 942 |
_2lcc _cBK |
||
| 999 |
_c38518 _d38518 |
||